000 01001nam a2200229 a 4500
001 000041975
005 20201002035848.0
008 131028s1995 sp acg 001 0 spa d
020 _a8487339387
040 _aDO-SdBNP
_bspa
_cBNPHU
245 0 0 _aPáginas inéditas del cancionero de Salamanca /
_cManuel García Matos, Aníbal Sánchez Fraile; edición y estudio Ángel Carril Ramos, Miguel Manzano Alonzo; prólogo Josep Martí i Pérez.
260 _aSalamanca :
_bCentro de Cultura Tradicional,
_c1995.
300 _a672 p. :
_bil., mús., retrs. ;
_c30 cm.
490 1 _aCuaderno de notas
_v5
500 _aIncluye índice
700 1 _aGarcía Matos, Manuel,
_d1912-
_968908
700 1 _aSánchez Fraile, Aníbal,
_d1903-1971.
_968909
700 1 _aCarril Ramos, Ángel,
_d1954-
_eed.
_968910
700 1 _aManzano Alonso, Miguel.
_eed.
_968911
710 2 _aSalamanca, España :
_bCentro de Cultura Tradicional, Diputación Provincial de Salamanca
_968912
830 0 _aCuaderno de notas
_v5
_968913
999 _c41464
_d41464